000 00336nam a2200157Ia 4500
001 23098
003 IN-NITTTR
005 20251114233300.0
008 251113s9999||||xx |||||||||||||| ||eng||
040 _beng
040 _cIN-NITTTR
041 _aeng
082 _a333.792 N73
245 0 _aNonconventional energy /
942 _2ddc
_cBK
999 _c25727
_d25727